[Event "Wuerttemberg-ch KT"]
[Site "Stuttgart"]
[Date "2015.08.31"]
[Round "3"]
[White "Imhof, Thomas"]
[Black "Wendler, Werner"]
[Result "0-1"]
[WhiteElo "1950"]
[BlackElo "2056"]
[PlyCount "60"]
[EventDate "2015.08.29"]
[EventType "swiss"]
[EventRounds "9"]
[EventCountry "GER"]
[SourceTitle "EXT 2017"]
[Source "ChessBase"]
[SourceDate "2016.10.25"]
[SourceVersion "1"]
[SourceVersionDate "2016.10.25"]
[SourceQuality "1"]

1. g3 d5 2. Bg2 g6 3. Nf3 Bg7 4. c4 d4 5. d3 e5 6. 0-0 Ne7 7. b4 0-0 8. Bb2 Nd7 9. e3 dxe3 10. fxe3 e4 11. Bxg7 exf3 12. Bxf8 fxg2 13. Kxg2 Qxf8 14. d4 Qg7 15. Nc3 b6 16. Qd3 Bb7+ 17. Kg1 f5 18. e4 c5 19. dxc5 Ne5 20. Qd6 fxe4 21. Qe6+ Kh8 22. Rac1 Nf3+ 23. Kh1 Ng5 24. Qg4 Qe5 25. cxb6 h5 26. Qd7 Bc6 27. Qc7 e3+ 28. Ne4 Qxe4+ 29. Rf3 Qxf3+ 30. Kg1 Nh3# 0-1

[Event "Stuttgart-chA op"]
[Site "Ditzingen"]
[Date "2015.05.15"]
[Round "3"]
[White "Imhof, Thomas"]
[Black "Gibicar, Danijel"]
[Result "0-1"]
[WhiteElo "1938"]
[BlackElo "2233"]
[PlyCount "79"]
[EventDate "2015.05.14"]
[EventType "swiss"]
[EventRounds "7"]
[EventCountry "GER"]
[SourceTitle "EXT 2018"]
[Source "ChessBase"]
[SourceDate "2017.10.13"]
[SourceVersion "1"]
[SourceVersionDate "2017.10.13"]
[SourceQuality "1"]

1. e4 e6 2. d4 d5 3. e5 c5 4. c3 Nc6 5. Nf3 Nh6 6. Bxh6 gxh6 7. g3 cxd4 8. cxd4 Bg7 9. Bg2 0-0 10. 0-0 f6 11. Re1 fxe5 12. Nxe5 Qb6 13. Qd2 Qxd4 14. Nd3 Bd7 15. Nc3 Nb4 16. Rad1 Nxd3 17. Qxd3 Qxd3 18. Rxd3 Rad8 19. f4 b5 20. f5 Rxf5 21. Bh3 Rf6 22. Red1 Bc6 23. Ne2 e5 24. Re3 Re8 25. Rc3 Ba8 26. Bd7 Rd8 27. Bxb5 d4 28. Rc7 a6 29. Bc4+ Bd5 30. Bxd5+ Rxd5 31. Nc3 Rd8 32. Ne4 Rf7 33. Rxf7 Kxf7 34. Rd3 Kg6 35. Kg2 Rc8 36. Kf3 h5 37. Rd2 Bh6 38. Re2 d3 39. Rf2 Rc2 40. h4 0-1

[Event "Wuerttemberg-ch MT"]
[Site "Bisingen"]
[Date "2013.09.05"]
[Round "6"]
[White "Imhof, Thomas"]
[Black "Hofer, Emilian"]
[Result "0-1"]
[WhiteElo "2069"]
[BlackElo "2009"]
[PlyCount "164"]
[EventDate "2013.08.31"]
[EventType "swiss"]
[EventRounds "9"]
[EventCountry "GER"]
[SourceTitle "EXT 2017"]
[Source "ChessBase"]
[SourceDate "2016.10.25"]
[SourceVersion "1"]
[SourceVersionDate "2016.10.25"]
[SourceQuality "1"]

1. g3 d5 2. d4 Nf6 3. Bg2 c6 4. Nf3 Bf5 5. 0-0 e6 6. Nbd2 Nbd7 7. b3 Bd6 8. Bb2 0-0 9. Nh4 Bg4 10. h3 Bh5 11. g4 Bg6 12. Nxg6 hxg6 13. c4 Qe7 14. f4 Rad8 15. e4 dxe4 16. Nxe4 Nxe4 17. Bxe4 Qh4 18. Bg2 g5 19. fxg5 Qxg5 20. Qc1 Qh4 21. Qe3 Nf6 22. Qf3 Nh7 23. Rad1 Ng5 24. Qc3 f6 25. b4 e5 26. d5 e4 27. Qb3 Nf3+ 28. Bxf3 exf3 29. Qxf3 Bxb4 30. dxc6 bxc6 31. Kg2 Rde8 32. Qf2 Qg5 33. Bc1 Qe5 34. Bf4 Qe4+ 35. Qf3 Qxc4 36. Qb3 Qxb3 37. axb3 a5 38. Bd6 Re2+ 39. Kf3 Rfe8 40. Bxb4 axb4 41. Rd3 R2e5 42. Rc1 R8e6 43. Rc4 c5 44. Rc2 Kf7 45. Rd7+ Re7 46. Rd3 Kg6 47. h4 Ra7 48. Rd6 Ra3 49. Rd3 Ra1 50. Rc4 Rae1 51. Rc2 Rf1+ 52. Kg3 Re4 53. Rxc5 Rg1+ 54. Kh3 Rgxg4 55. h5+ Kh7 56. Rb5 Rg1 57. Rf5 Rge1 58. Kg2 R1e3 59. Rfd5 Rxd3 60. Rxd3 Kh6 61. Rh3 Kg5 62. Kf3 Rd4 63. h6 gxh6 64. Rg3+ Kf5 65. Ke3 Rg4 66. Rf3+ Kg5 67. Kd3 h5 68. Rf1 h4 69. Ke3 Rg3+ 70. Ke4 Rxb3 71. Rf5+ Kg6 72. Rf4 h3 73. Rh4 Rg3 74. Kf4 Rc3 75. Rh8 b3 76. Rg8+ Kf7 77. Rg1 h2 78. Rb1 Rh3 79. Rh1 b2 80. Kg4 b1Q 81. Rxb1 h1Q 82. Rxh1 Rxh1 0-1

[Event "Wuerttemberg-ch MT"]
[Site "Bisingen"]
[Date "2013.09.04"]
[Round "5"]
[White "Hoeglauer, Patrick"]
[Black "Imhof, Thomas"]
[Result "0-1"]
[WhiteElo "1952"]
[BlackElo "2069"]
[PlyCount "94"]
[EventDate "2013.08.31"]
[EventType "swiss"]
[EventRounds "9"]
[EventCountry "GER"]
[SourceTitle "EXT 2017"]
[Source "ChessBase"]
[SourceDate "2016.10.25"]
[SourceVersion "1"]
[SourceVersionDate "2016.10.25"]
[SourceQuality "1"]

1. e4 c5 2. Nf3 d6 3. d4 cxd4 4. Nxd4 Nf6 5. Nc3 Nc6 6. Be3 e6 7. Be2 a6 8. g4 d5 9. exd5 Nxd5 10. Nxd5 exd5 11. Nxc6 bxc6 12. Qd4 f6 13. Qc3 Bd7 14. g5 Be7 15. 0-0-0 0-0 16. h4 Bf5 17. Bd3 Bxd3 18. Rxd3 Qd6 19. Rg1 c5 20. gxf6 Rxf6 21. Bh6 Rg6 22. Rxg6 Qxg6 23. Bf4 Qg1+ 24. Rd1 Qxf2 25. Qe5 Rd8 26. Qxe7 Qxf4+ 27. Kb1 Qd6 28. Qg5 Qf6 29. Qg3 Qd6 30. Qg5 h6 31. Qg4 Rf8 32. Rg1 Qf6 33. b3 d4 34. Re1 Qf5 35. Qxf5 Rxf5 36. Re4 Kf7 37. Kb2 g5 38. hxg5 hxg5 39. a3 Kf6 40. b4 cxb4 41. Rxd4 bxa3+ 42. Kxa3 Ke5 43. Rd8 Kf4 44. Rd6 a5 45. c4 g4 46. Rd4+ Kg3 47. Rd3+ Rf3 0-1

[Event "Wuerttemberg-ch MT"]
[Site "Bisingen"]
[Date "2013.08.31"]
[Round "1"]
[White "Latzke, Boris Alexander"]
[Black "Imhof, Thomas"]
[Result "1-0"]
[WhiteElo "2244"]
[BlackElo "2069"]
[PlyCount "85"]
[EventDate "2013.08.31"]
[EventType "swiss"]
[EventRounds "9"]
[EventCountry "GER"]
[SourceTitle "EXT 2017"]
[Source "ChessBase"]
[SourceDate "2016.10.25"]
[SourceVersion "1"]
[SourceVersionDate "2016.10.25"]
[SourceQuality "1"]

1. d4 Nf6 2. c4 e6 3. Nf3 d5 4. cxd5 exd5 5. Bg5 Bb4+ 6. Nbd2 0-0 7. e3 b6 8. Bd3 Bb7 9. Qc2 h6 10. Bxf6 Qxf6 11. Qxc7 Bc6 12. Qe5 Qd8 13. Rc1 Bd6 14. Qh5 Bb7 15. g4 Nd7 16. g5 Nf6 17. gxf6 Qxf6 18. Ke2 Rfe8 19. Qf5 Qxf5 20. Bxf5 Ba6+ 21. Bd3 Bb7 22. Rc2 Re7 23. Rhc1 Rae8 24. Bb5 Rd8 25. a3 f5 26. Ne5 a6 27. Nc6 Bxc6 28. Bxc6 Bxh2 29. Nf3 Bb8 30. Bxd5+ Kh7 31. Bc4 b5 32. Bd3 g6 33. Rc6 Ra7 34. Rg1 Rg8 35. Rgxg6 Rxg6 36. Bxf5 Rag7 37. Nh4 a5 38. Nxg6 h5 39. Ne7+ Rg6 40. Rxg6 h4 41. Nd5 Be5 42. dxe5 h3 43. Nf6+ 1-0

[Event "Wuerttemberg-ch MT"]
[Site "Illertissen"]
[Date "2012.08.30"]
[Round "6"]
[White "Imhof, Thomas"]
[Black "Stiepan, Hans Michael"]
[Result "0-1"]
[WhiteElo "2081"]
[BlackElo "2100"]
[PlyCount "94"]
[EventDate "2012.08.25"]
[EventType "swiss"]
[EventRounds "9"]
[EventCountry "GER"]
[SourceTitle "EXT 2017"]
[Source "ChessBase"]
[SourceDate "2016.10.25"]
[SourceVersion "1"]
[SourceVersionDate "2016.10.25"]
[SourceQuality "1"]

1. e4 e6 2. d4 d5 3. e5 c5 4. c3 Nc6 5. Nf3 Qb6 6. Be2 cxd4 7. cxd4 Nh6 8. Nc3 Nf5 9. Na4 Qa5+ 10. Bd2 Bb4 11. Bc3 b5 12. a3 Bxc3+ 13. Nxc3 b4 14. axb4 Qxb4 15. Bb5 Bd7 16. Bxc6 Bxc6 17. Qd2 0-0 18. 0-0 Rfb8 19. Ra2 a5 20. Rfa1 h6 21. g4 Ne7 22. h4 Bb5 23. Nxb5 Qxd2 24. Nxd2 Rxb5 25. Nf3 Nc6 26. Rc1 Ra6 27. Rc2 Rab6 28. Rd2 Rb3 29. Kg2 R6b4 30. h5 Kf8 31. g5 hxg5 32. Nxg5 Nxd4 33. Rxa5 Nc6 34. Ra8+ Ke7 35. Ra6 Nxe5 36. Ra7+ Kf6 37. Nh7+ Kf5 38. Ra2 Rg4+ 39. Kf1 Rb8 40. b4 Rgxb4 41. h6 gxh6 42. Ra7 Rh8 43. f4 Rxf4+ 44. Kg2 Rxh7 45. Rf2 Rg7+ 46. Kf1 Rxf2+ 47. Kxf2 d4 0-1

[Event "Wuerttemberg-ch MT"]
[Site "Lauffen am Neckar"]
[Date "2011.09.01"]
[Round "6"]
[White "Imhof, Thomas"]
[Black "Pogan, Nikolas"]
[Result "1-0"]
[WhiteElo "2082"]
[BlackElo "2218"]
[PlyCount "75"]
[EventDate "2011.08.27"]
[EventType "swiss"]
[EventRounds "9"]
[EventCountry "GER"]
[SourceTitle "EXT 2017"]
[Source "ChessBase"]
[SourceDate "2016.10.25"]
[SourceVersion "1"]
[SourceVersionDate "2016.10.25"]
[SourceQuality "1"]

1. e4 d6 2. d4 Nf6 3. Nc3 e5 4. Nf3 Nbd7 5. Bc4 Be7 6. 0-0 0-0 7. b3 a6 8. a4 b6 9. Bb2 Bb7 10. dxe5 dxe5 11. Nd5 Nxd5 12. Bxd5 c6 13. Bc4 Qc7 14. Qd2 Rad8 15. Rad1 b5 16. axb5 axb5 17. Bd3 Rfe8 18. Qc3 Bd6 19. Qd2 Nc5 20. Nh4 Bf8 21. Qe3 Nxd3 22. cxd3 Qe7 23. Nf5 Qe6 24. Qg3 f6 25. f4 Qxb3 26. fxe5 Kh8 27. Ba1 fxe5 28. Bxe5 Rd7 29. Qf4 Rf7 30. Nxg7 Rxf4 31. Nxe8+ Bg7 32. Bxg7+ Kg8 33. Rxf4 h5 34. Rdf1 Qxd3 35. Rf8+ Kh7 36. Rh8+ Kg6 37. Rf6+ Kg5 38. Bh6+ 1-0

[Event "Stuttgart op"]
[Site "Gerlingen"]
[Date "2011.06.03"]
[Round "3"]
[White "Reich, Thomas"]
[Black "Imhof, Thomas"]
[Result "1-0"]
[WhiteElo "2381"]
[BlackElo "2082"]
[PlyCount "97"]
[EventDate "2011.06.02"]
[EventType "swiss"]
[EventRounds "7"]
[EventCountry "GER"]
[SourceTitle "CBM 142 Extra"]
[Source "ChessBase"]
[SourceDate "2011.06.27"]
[SourceVersion "1"]
[SourceVersionDate "2011.06.27"]
[SourceQuality "1"]

1. e4 c5 2. c3 d5 3. exd5 Qxd5 4. d4 Nf6 5. Nf3 Bg4 6. Be2 Nc6 7. 0-0 e6 8. h3 Bh5 9. c4 Qd7 10. dxc5 Qxd1 11. Rxd1 Bxc5 12. Nc3 0-0 13. a3 a5 14. Be3 Bxe3 15. fxe3 Rad8 16. Kf2 Bg6 17. Nd4 e5 18. Nxc6 bxc6 19. b4 Ne4+ 20. Nxe4 Bxe4 21. b5 cxb5 22. cxb5 a4 23. Rxd8 Rxd8 24. Rc1 f5 25. Rc4 Ra8 26. Bd1 Bd3 27. Rxa4 Rb8 28. Rb4 Rxb5 29. Rxb5 Bxb5 30. e4 fxe4 31. a4 Bc6 32. a5 Kf7 33. a6 Ke6 34. Ke3 Kd6 35. Bc2 Kc7 36. Bxe4 Bxe4 37. Kxe4 Kb6 38. Kxe5 Kxa6 39. Ke6 Kb5 40. Kf7 g5 41. Kf6 g4 42. hxg4 Kc4 43. g5 Kd4 44. g4 Ke4 45. g6 hxg6 46. Kxg6 Ke5 47. g5 Ke6 48. Kh7 Kf5 49. g6 1-0

[Event "Stuttgart-chA int"]
[Site "Gerlingen"]
[Date "2011.06.02"]
[Round "2"]
[White "Imhof, Thomas"]
[Black "Schuh, Karsten"]
[Result "1/2-1/2"]
[WhiteElo "2082"]
[BlackElo "2249"]
[PlyCount "82"]
[EventDate "2011.06.02"]
[EventType "swiss"]
[EventRounds "7"]
[EventCountry "GER"]
[SourceTitle "EXT 2018"]
[Source "ChessBase"]
[SourceDate "2017.10.13"]
[SourceVersion "1"]
[SourceVersionDate "2017.10.13"]
[SourceQuality "1"]

1. g3 f5 2. d4 Nf6 3. Bg2 g6 4. Nf3 Bg7 5. 0-0 0-0 6. c4 d6 7. Nc3 c6 8. b3 Na6 9. Bb2 Qc7 10. a3 e5 11. e3 e4 12. Nd2 Be6 13. b4 Qd7 14. b5 cxb5 15. cxb5 Nc7 16. a4 Rfc8 17. Ba3 Ncd5 18. Nxd5 Nxd5 19. Bb2 a6 20. bxa6 Rxa6 21. a5 Qb5 22. Ba3 Bf8 23. Qb1 Qxa5 24. Nb3 Qa4 25. Bxd6 Qb5 26. Rxa6 bxa6 27. Bxf8 Kxf8 28. Nc5 Bf7 29. Qa1 Nb4 30. Rb1 Bc4 31. Bf1 Bxf1 32. Rxf1 Nd3 33. Qxa6 Qxa6 34. Nxa6 Rc2 35. Nc5 Nxc5 36. dxc5 Rxc5 37. Ra1 Kg7 38. h4 Rc7 39. Kg2 Kh6 40. Ra8 Rb7 41. Rc8 Ra7 1/2-1/2

[Event "Stuttgart-chA int"]
[Site "Ditzingen"]
[Date "2010.05.16"]
[Round "7"]
[White "Montigel, Philipp"]
[Black "Imhof, Thomas"]
[Result "1-0"]
[WhiteElo "2162"]
[BlackElo "2094"]
[PlyCount "59"]
[EventDate "2010.05.13"]
[EventType "swiss"]
[EventRounds "7"]
[EventCountry "GER"]
[SourceTitle "EXT 2018"]
[Source "ChessBase"]
[SourceDate "2017.10.13"]
[SourceVersion "1"]
[SourceVersionDate "2017.10.13"]
[SourceQuality "1"]

1. f4 d5 2. g3 Nf6 3. Bg2 Bf5 4. d3 e6 5. Nf3 c5 6. 0-0 Nc6 7. c3 Bd6 8. Nh4 Bg4 9. Qe1 0-0 10. e4 dxe4 11. dxe4 Be7 12. h3 Bh5 13. g4 Bg6 14. f5 exf5 15. exf5 Nxg4 16. Nxg6 hxg6 17. hxg4 gxf5 18. gxf5 Bf6 19. Nd2 Rb8 20. Ne4 Qe7 21. Be3 b6 22. Qg3 Ne5 23. Nxf6+ Qxf6 24. Bg5 Qd6 25. Rad1 Qc7 26. Bf6 Nf3+ 27. Rxf3 Qxg3 28. Rxg3 g6 29. Rh3 gxf5 30. Rh8# 1-0

[Event "Stuttgart-chA int"]
[Site "Ditzingen"]
[Date "2010.05.15"]
[Round "6"]
[White "Imhof, Thomas"]
[Black "Stitterich, Nadine"]
[Result "1-0"]
[WhiteElo "2094"]
[BlackElo "1974"]
[PlyCount "79"]
[EventDate "2010.05.13"]
[EventType "swiss"]
[EventRounds "7"]
[EventCountry "GER"]
[SourceTitle "EXT 2018"]
[Source "ChessBase"]
[SourceDate "2017.10.13"]
[SourceVersion "1"]
[SourceVersionDate "2017.10.13"]
[SourceQuality "1"]

1. g3 Nf6 2. Bg2 g6 3. Nf3 Bg7 4. 0-0 0-0 5. d4 d6 6. c4 Nbd7 7. Nc3 c5 8. d5 a6 9. a4 Rb8 10. e4 Ne8 11. Qc2 Nc7 12. a5 e6 13. Bd2 exd5 14. exd5 Ne5 15. Nxe5 Bxe5 16. Rfe1 Ne8 17. Ne4 b5 18. Nxc5 bxc4 19. Na4 Bd7 20. Nb6 Bb5 21. Bc3 Qf6 22. Bxe5 dxe5 23. Qe4 Nd6 24. Qxe5 Qxe5 25. Rxe5 Rfe8 26. Rae1 Kf8 27. Rxe8+ Rxe8 28. Rxe8+ Kxe8 29. f4 Nb7 30. Kf2 Kd8 31. Ke3 Nxa5 32. d6 Nb3 33. Bd5 f6 34. Nxc4 Nc5 35. Nb6 Na4 36. Nxa4 Bxa4 37. Kd4 Kd7 38. Kc5 h6 39. Bc4 a5 40. Bb5+ 1-0

[Event "Stuttgart-chA int"]
[Site "Ditzingen"]
[Date "2010.05.14"]
[Round "3"]
[White "Gabriel, Josef"]
[Black "Imhof, Thomas"]
[Result "1-0"]
[WhiteElo "2165"]
[BlackElo "2094"]
[PlyCount "127"]
[EventDate "2010.05.13"]
[EventType "swiss"]
[EventRounds "7"]
[EventCountry "GER"]
[SourceTitle "EXT 2018"]
[Source "ChessBase"]
[SourceDate "2017.10.13"]
[SourceVersion "1"]
[SourceVersionDate "2017.10.13"]
[SourceQuality "1"]

1. c4 e6 2. Nc3 d5 3. d4 Nf6 4. Nf3 Be7 5. Bg5 0-0 6. e3 b6 7. Rc1 Bb7 8. Be2 Nbd7 9. 0-0 c5 10. cxd5 exd5 11. Bd3 Ne4 12. Bxe7 Qxe7 13. Bb1 Ndf6 14. Na4 Rfe8 15. h3 c4 16. Ne5 b5 17. Nc3 Nxc3 18. Rxc3 a5 19. Rc1 Nd7 20. Qc2 g6 21. Nf3 Qe4 22. Qd2 Qe7 23. Rfe1 Nf6 24. Ne5 Ne4 25. Bxe4 dxe4 26. a4 bxa4 27. Rxc4 a3 28. Ra4 axb2 29. Qxb2 Qc7 30. Rc1 Qe7 31. Rc5 f6 32. Ng4 Bc8 33. Nh2 Bd7 34. Raxa5 Rab8 35. Qc1 Rb6 36. Ra7 Rd6 37. Rcc7 Qe6 38. Ng4 Rd8 39. Qc3 Rd5 40. Qc4 Kf7 41. Rc6 Rd6 42. Qxe6+ Rxe6 43. d5 Re7 44. Rxf6+ Ke8 45. Rf4 Bf5 46. Nf6+ Kf7 47. Rxe7+ Kxe7 48. Nxh7 Rxd5 49. Ng5 Re5 50. g4 Bd7 51. Rxe4 Rxe4 52. Nxe4 Be8 53. Kh2 Bc6 54. Nc3 Kd6 55. Kg3 Kc5 56. h4 Kc4 57. Ne2 Be8 58. Nf4 Bf7 59. h5 g5 60. Nh3 Kd5 61. Nxg5 Be8 62. h6 Bg6 63. h7 Bxh7 64. Nxh7 1-0

[Event "Stuttgart-chA int"]
[Site "Ditzingen"]
[Date "2009.05.24"]
[Round "7"]
[White "Dudek, Richard"]
[Black "Imhof, Thomas"]
[Result "1-0"]
[WhiteElo "2254"]
[BlackElo "2120"]
[PlyCount "85"]
[EventDate "2009.05.21"]
[EventType "swiss"]
[EventRounds "7"]
[EventCountry "GER"]
[SourceTitle "EXT 2018"]
[Source "ChessBase"]
[SourceDate "2017.10.13"]
[SourceVersion "1"]
[SourceVersionDate "2017.10.13"]
[SourceQuality "1"]

1. e4 c5 2. Nc3 Nc6 3. g3 g6 4. Bg2 Bg7 5. d3 Nf6 6. f4 d6 7. Nf3 0-0 8. 0-0 Rb8 9. h3 b5 10. a3 b4 11. axb4 cxb4 12. Ne2 Nd7 13. d4 e5 14. Kh2 a5 15. fxe5 dxe5 16. d5 Ne7 17. Be3 Ba6 18. Rf2 Nf6 19. Nd2 Ne8 20. c4 bxc3 21. bxc3 f5 22. c4 Nf6 23. Nc3 f4 24. gxf4 exf4 25. Rxf4 Nh5 26. Rxf8+ Kxf8 27. Ne2 Qc7+ 28. Kg1 Bxa1 29. Qxa1 Ng8 30. Nd4 Ke8 31. Nc6 Ra8 32. e5 Bb7 33. Ne4 Bxc6 34. Nd6+ Kd8 35. dxc6 Ng3 36. Nb5 Qc8 37. Bg5+ Ne7 38. Qd1+ Ke8 39. Nd6+ Kf8 40. Nxc8 Rxc8 41. Bxe7+ Kxe7 42. Qd7+ Kf8 43. Qxc8+ 1-0

[Event "Stuttgart-chA int"]
[Site "Ditzingen"]
[Date "2009.05.23"]
[Round "5"]
[White "Wagner, Florian"]
[Black "Imhof, Thomas"]
[Result "0-1"]
[WhiteElo "2302"]
[BlackElo "2120"]
[PlyCount "46"]
[EventDate "2009.05.21"]
[EventType "swiss"]
[EventRounds "7"]
[EventCountry "GER"]
[SourceTitle "EXT 2018"]
[Source "ChessBase"]
[SourceDate "2017.10.13"]
[SourceVersion "1"]
[SourceVersionDate "2017.10.13"]
[SourceQuality "1"]

1. d4 Nf6 2. g3 d5 3. Bg2 e6 4. Nf3 Be7 5. 0-0 0-0 6. c4 c5 7. cxd5 exd5 8. dxc5 Bxc5 9. Nc3 Nc6 10. Bg5 Be6 11. Rc1 Be7 12. Nd4 h6 13. Be3 Ne5 14. Bf4 Ng6 15. Be3 Ne5 16. Qc2 Nc4 17. Bf4 Rc8 18. Rfd1 Qb6 19. b3 Nd6 20. Nxe6 fxe6 21. Qg6 Nf7 22. e4 Nh8 23. Qxg7+ Kxg7 0-1

[Event "Stuttgart-chA int"]
[Site "Ditzingen"]
[Date "2009.05.21"]
[Round "1"]
[White "Boyens, Birger"]
[Black "Imhof, Thomas"]
[Result "0-1"]
[WhiteElo "1908"]
[BlackElo "2120"]
[PlyCount "102"]
[EventDate "2009.05.21"]
[EventType "swiss"]
[EventRounds "7"]
[EventCountry "GER"]
[SourceTitle "EXT 2018"]
[Source "ChessBase"]
[SourceDate "2017.10.13"]
[SourceVersion "1"]
[SourceVersionDate "2017.10.13"]
[SourceQuality "1"]

1. e4 c5 2. Nf3 d6 3. d4 cxd4 4. Nxd4 Nf6 5. Nc3 Nc6 6. Be2 e5 7. Nb3 Be7 8. Be3 0-0 9. 0-0 a6 10. a4 Be6 11. Nd2 d5 12. exd5 Nxd5 13. Nxd5 Bxd5 14. Nc4 Be6 15. Qxd8 Raxd8 16. c3 f5 17. Bb6 Rd5 18. Rfd1 Kf7 19. b4 Bf6 20. Nd6+ Kg6 21. Nxb7 e4 22. b5 axb5 23. a5 Bxc3 24. Rxd5 Bxd5 25. Rd1 Ne7 26. a6 Rf6 27. Bd8 Rxa6 28. Nc5 Ra2 29. Bxb5 Ra5 30. Be8+ Kf6 31. Nd7+ Ke6 32. Nf8+ Kd6 33. Bxa5 Bxa5 34. Nxh7 Ke6 35. Ng5+ Kf6 36. h4 e3 37. fxe3 Bb6 38. Nh7+ Ke5 39. Kf2 f4 40. Re1 Nf5 41. Bb5 Bxe3+ 42. Rxe3+ fxe3+ 43. Ke2 Kf4 44. Bd7 Nd4+ 45. Kd3 Be4+ 46. Kc3 Bxh7 47. Be8 e2 48. Kd2 Kg3 49. Ke1 Bd3 50. Ba4 Kxg2 51. h5 Nf3# 0-1

[Event "Stuttgart-ch op"]
[Site "Ditzingen"]
[Date "2009.05.21"]
[Round "2"]
[White "Imhof, Thomas"]
[Black "Eisenbeiser, Amadeus"]
[Result "1/2-1/2"]
[WhiteElo "2120"]
[BlackElo "2406"]
[PlyCount "64"]
[EventDate "2009.05.21"]
[EventType "swiss"]
[EventRounds "7"]
[EventCountry "GER"]
[SourceTitle "CBM 130 Extra"]
[Source "ChessBase"]
[SourceDate "2009.07.02"]
[SourceVersion "2"]
[SourceVersionDate "2009.07.15"]
[SourceQuality "1"]

1. e4 c5 2. Nf3 e6 3. d4 cxd4 4. Nxd4 a6 5. Bd3 Nf6 6. 0-0 Qc7 7. c4 Nc6 8. Be3 Ne5 9. h3 Bc5 10. Qe2 Qd6 11. f4 Bxd4 12. fxe5 Bxe3+ 13. Qxe3 Qxe5 14. c5 b6 15. cxb6 d5 16. Qc5 Bb7 17. Nc3 Rc8 18. Qb4 dxe4 19. Bxa6 Bxa6 20. Qa4+ Nd7 21. Qxa6 0-0 22. Rfd1 Nf6 23. a4 Nh5 24. a5 Qc5+ 25. Kh1 Ng3+ 26. Kh2 Qe5 27. b7 Nf5+ 28. Kg1 Rb8 29. Qc6 e3 30. a6 Nd4 31. Qc4 Nf3+ 32. gxf3 Qg3+ 1/2-1/2

[Event "Boeblingen op 24th"]
[Site "Boeblingen"]
[Date "2007.12.27"]
[Round "2"]
[White "Schaefer, Markus"]
[Black "Imhof, Thomas"]
[Result "1-0"]
[WhiteElo "2395"]
[BlackElo "2095"]
[PlyCount "59"]
[EventDate "2007.12.26"]
[EventType "swiss"]
[EventRounds "9"]
[EventCountry "GER"]
[SourceTitle "CBM 122 Extra"]
[Source "ChessBase"]
[SourceDate "2008.03.04"]
[SourceVersion "1"]
[SourceVersionDate "2008.03.04"]
[SourceQuality "1"]

1. e4 c5 2. Nf3 d6 3. d4 cxd4 4. Nxd4 Nf6 5. Nc3 e6 6. Be2 Be7 7. 0-0 0-0 8. f4 Nc6 9. Be3 Bd7 10. Nb3 Qc7 11. Qe1 Nb4 12. Rc1 a5 13. a3 Na6 14. Qg3 Bc6 15. Nd2 d5 16. e5 Nd7 17. Nb3 Kh8 18. Nd4 Bc5 19. Bd3 Qb6 20. Nce2 Qxb2 21. f5 exf5 22. Rxf5 Nc7 23. Rh5 g6 24. Qh3 Nxe5 25. Rxh7+ Kg8 26. Qh6 Nf3+ 27. gxf3 Bxd4 28. Bxd4 Qxc1+ 29. Nxc1 Ne6 30. Rh8# 1-0

[Event "Stuttgart-chA int"]
[Site "Gerlingen"]
[Date "2007.05.19"]
[Round "5"]
[White "Gabriel, Josef"]
[Black "Imhof, Thomas"]
[Result "1-0"]
[WhiteElo "2202"]
[BlackElo "2089"]
[PlyCount "53"]
[EventDate "2007.05.17"]
[EventType "swiss"]
[EventRounds "7"]
[EventCountry "GER"]
[SourceTitle "EXT 2018"]
[Source "ChessBase"]
[SourceDate "2017.10.13"]
[SourceVersion "1"]
[SourceVersionDate "2017.10.13"]
[SourceQuality "1"]

1. c4 e5 2. Nc3 Nf6 3. Nf3 Nc6 4. g3 d5 5. cxd5 Nxd5 6. Bg2 Nb6 7. 0-0 Be7 8. d3 0-0 9. a3 Be6 10. b4 f6 11. Bb2 Qd7 12. Rc1 g5 13. Ne4 g4 14. Nh4 Rab8 15. Nc5 Bxc5 16. Rxc5 Nd4 17. Bxd4 exd4 18. Qd2 Na4 19. Rh5 f5 20. Qh6 Kf7 21. e4 f4 22. gxf4 Ke8 23. Re5 Kf7 24. f5 Rbe8 25. fxe6+ Rxe6 26. Rf5+ Ke7 27. Qxf8# 1-0